LEADER 01552nam a2200301 i 4500 001 000000342778 003 CaOOAMICUS 005 20201102085521.0 008 201102s1979 it u000 u lat u 013 $a235680 040 $aSeMil$bita 100 0 $aIoannes Paulus II,$c.$0(OLS)http://semarc/name/646 245 10$aConstitutio Apostolica «Sapientia Christiana» de studiorum universitatibus et facultatibus ecclesiasticis :$bordinationes Sacrae Congregationis Pro Institutione Catholica ad Eandem Constitutionem rite exsequendam /$cIoannis Pauli 2. Summi Pontificis. 260 $a[S.l.] :$bTypis Polyglottis Vaticanis,$c1979. 300 $a51 p. ;$c27 cm. 500 $aContiene : Appendix. 541 0 $aFondo Card. Giovanni Colombo 650 4$aGiovanni Paolo II - Scritti e discorsi.$0(OLS)http://semarc/subject/7130 850 $aSeMil 852 $aSeMil$W1$xVenegono$y1$m3GC VII 253/1$j222055$B233658$CSeMilBibl$Z2$F233658 $8I 900 1 $aWojtyla, Karol,$d<1920-2005>. 900 0 $aGiovanni Paolo II$c. 941 1 $a3 996 $6245$aConstitutio Apostolica «Sapientia Christiana» de studiorum universitatibus et facultatibus ecclesiasticis :$bordinationes Sacrae Congregationis Pro Institutione Catholica ad Eandem Constitutionem rite exsequendam$9(OLS)http://semarc/title/412452 996 $6260$a[S.l.] :$bTypis Polyglottis Vaticanis$9(OLS)http://semarc/publisher/37081 LEADER 01156nam a2200265 i 4500 001 000000068254 003 CaOOAMICUS 005 20230601093144.0 008 101229s2010 it u000 u ita u 020 $a978-88-04-48599-5 040 $aSeMil$bita 100 1 $aCalvino, Italo,$d<1923-1985>.$0(OLS)http://semarc/name/3149 245 10$aLezioni americane :$bsei proposte per il prossimo millennio /$cItalo Calvino. 264 1$aMilano :$bOscar Mondadori,$c2010. 300 $aXLIII, 161 p. ;$c19 cm. 490 1 $aOpere di Italo Calvino 650 4$aCalvino, Italo <1923-1985> - Opere.$0(OLS)http://semarc/subject/51872 830 0$aOpere di Italo Calvino.$0(OLS)http://semarc/title/11870 850 $aSeMil 852 $aSeMil$W1$xVenegono$y1$m1C II 225$j241074$B34407$CSeMilBibl$Z2$F34410 $81 961 $aOmaggio: Tremolada don Pierantonio 996 $6020$a978-88-04-48599-5$9(OLS)http://semarc/number/46390 996 $6245$aLezioni americane :$bsei proposte per il prossimo millennio$9(OLS)http://semarc/title/108925 996 $6264$aMilano :$bOscar Mondadori$9(OLS)http://semarc/publisher/30178